|
|
|
|
| LEADER |
00000cam a2200000 a 4500 |
| 001 |
vtls008750805 |
| 003 |
SK-MaSNL |
| 005 |
20260302075136.0 |
| 008 |
240318s1995 xo h 000 fbslo |
| 015 |
|
|
|a SNBZSA2016/11
|
| 020 |
|
|
|a 8096704001
|q (viazané)
|
| 035 |
|
|
|a POKPOH42569
|
| 040 |
|
|
|a SNK
|b slo
|c SNK
|e AACR2
|
| 041 |
0 |
|
|a slo
|
| 043 |
|
|
|a e-ur---
|
| 044 |
|
|
|a xo
|c SK
|
| 072 |
|
7 |
|a 929
|x Biografie
|2 konspekt
|
| 072 |
|
7 |
|a 821.162.4-3
|x Slovenská próza
|2 konspekt
|
| 080 |
|
|
|a 323.28-051
|2 2011
|
| 080 |
|
|
|a 343.262
|2 2011
|
| 080 |
|
|
|a (47+57)
|2 2011
|
| 080 |
|
|
|a (092)
|2 2011
|
| 080 |
|
|
|a 323.28
|2 2011
|
| 080 |
|
|
|a (0:82-312.6)
|2 2011
|
| 100 |
1 |
|
|a Košút, Ján,
|d 1926-2013
|4 aut
|9 124267
|
| 245 |
1 |
0 |
|a Cez červený očistec
|b [1945-1953 Jagrinlag Ozerlag]
|c Ján Košút
|
| 250 |
|
|
|a 1. vyd.
|
| 260 |
|
|
|a [Bratislava]
|b Slovenská asociácia násilne odvlečených (SANO)
|c 1995
|
| 300 |
|
|
|a 235 s.
|c 22 cm
|
| 366 |
|
|
|e 6000 výt.
|
| 500 |
|
|
|a Podnázov z obalu
|
| 648 |
|
7 |
|a 1945-1953
|2 SNKPH
|9 316516
|
| 650 |
0 |
7 |
|a politickí väzni
|2 SNKPH
|9 4581
|
| 650 |
0 |
7 |
|a pracovné tábory
|2 SNKPH
|9 2655
|
| 650 |
0 |
7 |
|a Political prisoners
|2 SNKPHeng
|9 265801
|
| 650 |
0 |
7 |
|a Concentration camps
|2 SNKPHeng
|9 314449
|
| 650 |
0 |
7 |
|a politická perzekúcia
|2 SNKPHeng
|9 75134
|
| 650 |
0 |
7 |
|a Political persecution
|2 SNKPHeng
|9 265799
|
| 651 |
|
7 |
|a Sovietsky zväz
|2 SNKPH
|9 22126
|
| 651 |
|
7 |
|a Soviet Union
|2 SNKPHeng
|9 277091
|
| 655 |
|
7 |
|a spomienky
|2 SNKPH
|9 29509
|
| 655 |
|
7 |
|a autobiografické romány
|2 SNKPH
|9 70327
|
| 655 |
|
7 |
|a Reminiscences
|2 SNKPHeng
|9 93477
|
| 655 |
|
7 |
|a Autobiographical novels
|2 SNKPHeng
|9 319560
|
| 919 |
|
|
|a 80-967040-0-1
|
| 958 |
|
|
|a BX
|
| 999 |
|
|
|c 1168053
|d 1169983
|
| 952 |
|
|
|a SNK
|b SNK
|y VYP
|7 0
|p 17A1448090
|o snkSC 171540 D1
|i snk2021/8982
|8 7
|0 0
|1 0
|4 0
|d 2021-07-20
|l 0
|r 2026-02-24 20:54:23
|w 2026-02-24
|
| 952 |
|
|
|a SNK
|b SNK
|y PREZ
|7 0
|p 17A1124394
|o snkSC 171540
|i snk2016/23050
|8 1
|0 0
|1 0
|4 0
|d 2016-10-04
|l 0
|r 2025-09-10 00:00:00
|w 2026-02-24
|